[Event "1st Cairns Cup 2019"]
[Site "Saint Louis USA"]
[Date "2019.02.14"]
[Round "8.5"]
[White "Paehtz, Elisabeth"]
[Black "Zatonskih, Anna"]
[Result "1/2-1/2"]
[WhiteTitle "IM"]
[BlackTitle "IM"]
[WhiteElo "2466"]
[BlackElo "2428"]
[WhiteFideId "4641833"]
[BlackFideId "14101572"]
[EventDate "2019.02.06"]

1. e4 e5 2. Nf3 Nf6 3. Nxe5 d6 4. Nf3 Nxe4 5. Nc3 Nf6 6. d4 Be7 7. Bf4 O-O 8. h3
Re8 9. Be2 c6 10. O-O d5 11. Bd3 Nbd7 12. Re1 Nb6 13. Ne5 Be6 14. Qf3 Nc4 15.
Nd1 Qb6 16. c3 c5 17. b3 Nd6 18. Nb2 cxd4 19. Na4 Qa5 20. cxd4 Nde4 21. Qe2 Bb4
22. Red1 Rac8 23. Be3 a6 24. a3 Bd6 25. f4 Bd7 26. Nc5 Qc7 27. Ncxd7 Nxd7 28.
Bxe4 dxe4 29. Rdc1 Qd8 30. Rxc8 Qxc8 31. Qc4 Bxe5 32. dxe5 Qxc4 33. bxc4 g5 34.
g3 gxf4 1/2-1/2

[Event "1st Cairns Cup 2019"]
[Site "Saint Louis USA"]
[Date "2019.02.15"]
[Round "9.5"]
[White "Zatonskih, Anna"]
[Black "Sebag, Marie"]
[Result "1-0"]
[WhiteTitle "IM"]
[BlackTitle "GM"]
[WhiteElo "2428"]
[BlackElo "2476"]
[WhiteFideId "14101572"]
[BlackFideId "617822"]
[EventDate "2019.02.06"]

1. d4 d5 2. c4 c6 3. Nf3 Nf6 4. Qb3 dxc4 5. Qxc4 Bg4 6. Nc3 Nbd7 7. e4 Bxf3 8.
gxf3 e5 9. Be3 exd4 10. Bxd4 Bd6 11. O-O-O Qc7 12. h4 Ne5 13. Qe2 Nh5 14. Kb1
Ng6 15. Nb5 cxb5 16. Qxb5+ Kf8 17. Qxh5 Be5 18. Rc1 Qe7 19. Bxe5 Nxe5 20. f4 Ng6
21. Qf5 Re8 22. h5 Nh4 23. Qh3 Qxe4+ 24. Ka1 Qc6 25. Bd3 Qd5 26. Bc4 Qxh5 27.
Qxh4 Qxh4 28. Rxh4 Rc8 29. Rhh1 Ke7 30. a3 h6 31. Kb1 Rhd8 32. Bb3 Kf6 33. Rxc8
Rxc8 34. Rc1 Rxc1+ 35. Kxc1 Kf5 36. Bxf7 Kxf4 37. Kd2 b6 38. Ke2 g5 39. f3 a5
40. Be8 Ke5 41. Ke3 Kd5 42. Bf7+ Kc5 43. Ke4 a4 44. Kf5 Kd4 45. Be8 Ke3 46. Kg4
Kd2 47. Bxa4 Kc1 48. Bc6 Kxb2 49. a4 1-0